000 00646nam a2200217Ia 4500
003 OSt
005 20220114111038.0
008 210716s2004 xx 000 0 und d
020 _a8178812835
040 _cAIMIT LIBRARY
041 _aeng
082 _a332.112
_21
_bSUBV
100 _aSubbulakshmi, V.
_913191
245 _aIslamic Banking:
_bCases and Profiles. /
_cV Subbulakshmi.
250 _a1st. ed.-
260 _aIndia :
_bICFAI University Press ;
_c2004 .
300 _aVIII,190p.; A11; 23.5cm.
650 _aIslamic Development Bank
_913192
650 _aIslamic Banking in Indonesia
_913193
942 _2ddc
_cBK
_e1
_k332.112 SUBV
999 _c199688
_d199688